Célébrités avec les mêmes initiales - Statistiques

Statistiques générales
  • Ce quiz a été pris 2 220 fois
  • Le résultat moyen est 10 sur 19
Statistiques - réponses
Initiale Question Réponse % Correct
D-D Sélectionneur de l'équipe de France de Football 2021. Didier Deschamps
94%
Z-Z Célèbre footballeur français ayant inscrit un doublé lors de la finale de la coupe du monde 1998. Zinédine Zidane.
85%
K-K Célébrité Américaine, connu grâce à une téléréalité, à laquelle elle participe avec sa famille, dont ses soeurs Khloé et Kourtney. Kim Kardashian
84%
F-F Humoriste et actrice française, avec un célèbre sketch sur l'avion de Barbie. Florence Foresti
76%
B-B Actrice, mannequin et chanteuse française connu sous les initiales BB. Brigitte Bardot
73%
A-A Créateur et acteur de la série Kaamelott. Alexandre Astier
66%
V-V Très célèbre peintre néerlandais. Vincent VanGogh
62%
S-S Acteur et réalisateur américain rendu célèbre grâce à ses rôles de Rocky et Rambo. Sylvester Stallone
60%
M-M Célèbre actrice, chanteuse et mannequin Américaine, née en 1926, ayant jouée dans "Les hommes préfèrent les blondes" et morte à 36 ans. Marilyn Monroe
59%
R-R 40ème président des Etats-Unis d'Amérique. Ronald Reagan
58%
C-C Miss France 2015 aujourd'hui animatrice télé. Camille Cerf
53%
P-P Chanteur français du célèbre tube "le zizi". Pierre Perret
46%
T-T Chanteuse, danseuse, actrice et compositrice d'origine américaine naturalisée suisse, surnommé « Queen of Rock & Roll ». Tina Turner
37%
L-L Actrice Française, connue notamment pour son rôle de Clem, dans la série du même nom. Lucie Lucas
33%
J-J Frère du roi de la pop et membre des Jackson five. Jermaine Jackson
22%
O-O Chanteur britannique de heavy métal, leader du groupe Black Sabbath. Ozzy Osbourne
22%
H-H Fondateur du magazine playboy. Hugh Hefner
13%
E-E Acteur, réalisateur et producteur américain, frère de Charlie Sheen. Emilio Estévez
7%
G-G Actrice américaine révélée par son interprétation de Margene Heffman dans la série dramatique Big Love puis en incarnant Blanche-Neige dans la série fantastique Once Upon a Time. Ginnifer Goodwin
6%
Aucun quiz correspondant
Distribution des résultats
% des personnes avec chaque résultat
Percentile par nombre de réponses
Votre historique - résultats
Vous n’avez pas pris ce quiz